000 00339nam a22001337a 4500
008 171017b xxu||||| |||| 00| 0 eng d
020 _a9780072295184
041 _aeng
080 _22ND
_a330.101.542
100 _a52
101 _aMIK
245 _aEXPERIMENTS WITH ECONOMIC PRINCIPLES: MICROECONOMICS
_cBERGSTROM,TH.C
942 _2udc
_cBK
999 _c34469
_d34469